| 000 | 02637cam a2200349Ia 4500 | ||
|---|---|---|---|
| 001 | 9780203743850 | ||
| 003 | BD-DhSAU | ||
| 005 | 20151012151722.0 | ||
| 006 | m|||||o||d|||||||| | ||
| 007 | cr|||| | ||
| 008 | 131029s2013 nyuad ob 001 0 eng d | ||
| 020 | _a9780203743850 (e-book : PDF) | ||
| 040 |
_aBD-DhSAU _cBD-DhSAU |
||
| 043 | _ae------ | ||
| 090 |
_aHD8376.5 _b.T72 2013 |
||
| 092 |
_a331.094 _bT772 |
||
| 245 | 0 | 4 |
_aThe transformation of employment relations in Europe _h[electronic resource] : _binstitutions and outcomes in the age of globalization / _cedited by James Arrowsmith and Valeria Pulignano. |
| 260 |
_aNew York : _bRoutledge, Taylor & Francis Group, _c2013. |
||
| 300 |
_axvi, 231 p. : _bill. |
||
| 490 | 1 |
_aRoutledge research in employment relations ; _v31 |
|
| 504 | _aIncludes bibliographical references and index. | ||
| 505 | 0 | _a1. Introduction / James Arrowsmith and Valeria Pulignano -- 2. Private sector employment relations in Western Europe : collective bargaining under pressure? / Keith Sisson -- 3. Worker voice under pressure : collective workplace representation and the challenge of multiplying spaces and actors / Miguel Martâinez Lucio and Maria Gonzâalez Menâendez -- 4. Employment relations in the public services : between hierarchy and contract / Giuseppe Della Rocca -- 5. Emerging systems of employment relations in Central Eastern European countries / Guglielmo Meardi -- 6. Wage regulation in the private sector : moving further away from a 'solidaristic wage policy'? / Maarten Keune and Kurt Vandaele -- 7. Working time in Europe / James Arrowsmith -- 8. Transformations in work organization and labor regulation / Ludger Pries -- 9. Governing complexity, diversity and uncertainty in the changing European space / Valeria Pulignano -- 10. Employability / Jonathan Winterton and Nigel Haworth -- 11. The 'state of affairs' of flexicurity in industrial relations : assessing country performance using transition indicators / Ton Wilthagen, Ruud Muffels and Heejung Chung -- 12. Conclusions : the transformation of employment relations within the European Union : a common process of fragmentation / Valeria Pulignano and James Arrowsmith. | |
| 530 | _aAlso available in print edition. | ||
| 538 | _aMode of access: World Wide Web. | ||
| 650 | 0 |
_aIndustrial relations _zEurope. |
|
| 655 | 7 |
_aElectronic books. _2lcsh |
|
| 700 | 1 |
_aArrowsmith, James, _d1968- |
|
| 700 | 1 |
_aPulignano, Valeria, _d1968- |
|
| 776 | 1 | _z9780415875936 | |
| 830 | 0 |
_aRoutledge research in employment relations ; _v31. |
|
| 856 | 4 | 0 | _uhttp://www.tandfebooks.com/isbn/9780203743850 |
| 999 |
_c12893 _d12892 |
||